| 000 | 01090nam a2200301 a 4500 | ||
|---|---|---|---|
| 001 | 000024683 | ||
| 005 | 20250701132841.0 | ||
| 008 | 110202s1999 mx r 000 0 spa d | ||
| 020 | _a9686384359 | ||
| 040 |
_aDO-SdBNP _bspa _cBNPHU |
||
| 082 |
_a338.98 _bD441e |
||
| 245 | 0 | 1 |
_aDesarrollo económico de América Latina y el Caribe / _ccompiladores Leopoldo Zea, Mario Magallón. |
| 260 |
_aMéxico : _bFondo de Cultura Económica, _c1999. |
||
| 300 |
_a172, [8] p. ; _c21 cm. |
||
| 490 | 1 |
_aLatinoamérica fin de milenio _v5 |
|
| 490 | 1 | _aTierra firme | |
| 500 | _aIncluye notas al pie de las páginas | ||
| 504 | _aIncluye referencias bibliográficas | ||
| 650 | 0 |
_aDesarrollo económico _985548 |
|
| 650 | 4 |
_aPlanificación económica _96641 |
|
| 650 | 0 |
_aPolítica económica _984931 |
|
| 650 | 4 |
_aEquilibrio económico _950612 |
|
| 700 | 1 |
_aZea, Leopoldo _ecomp. _923264 |
|
| 700 | 1 |
_aMagallón, Mario _ecomp. _919796 |
|
| 710 | 2 |
_aInstituto Panamericano de Geografía e Historia _942637 |
|
| 830 | 0 |
_aLatinoamérica fin de milenio ; _pTierra firme _v5 _919786 |
|
| 049 | _aBNGR | ||
| 999 |
_c24176 _d24176 |
||